| 000 | 00910nam a2200277 i 4500 | ||
|---|---|---|---|
| 001 | 181508 | ||
| 003 | ES-MaACL | ||
| 005 | 20231018193336.0 | ||
| 008 | 130125s2011 sp | |||||||| | spa d | ||
| 020 | _a978-84-8352-464-0 | ||
| 080 | _a316.4.063.2 | ||
| 080 | _a327(100)"1945/..." | ||
| 080 | _a316.614 | ||
| 100 | 1 |
_aGaliana, Manuel ( _d1951-) _9148005 |
|
| 245 | 1 | 3 |
_aLa derrota de la globalización : _blas limitaciones naturales que provocarán el fracaso en su intento de dominio mundial / _cManuel Galiana. |
| 250 | _a1ª ed. | ||
| 260 |
_aMadrid : _bMandala, _c2011. |
||
| 300 |
_a332 p. ; _c23 cm. |
||
| 504 | _aBibliografía: p. 331-332. | ||
| 650 | 7 |
_aGlobalización. _913125 |
|
| 650 | 7 |
_aPolítica mundial. _916301 |
|
| 650 | 7 |
_aControl social. _911346 |
|
| 852 |
_aES-MaACL _jA-12578 _9188409 _bR.148599 _cDEPO1 _dOlim: N-5581 |
||
| 942 |
_2udc _cMONOGRAFIA |
||
| 999 |
_c181508 _d181508 |
||